| 000 | 00877cab a22002535a 4500 | ||
|---|---|---|---|
| 001 | L154460 | ||
| 008 | 111209e20111203xxk 000 0 eng d | ||
| 035 | _a(Sirsi) u154460 | ||
| 041 | 0 | _aeng | |
| 100 | 1 | _aAdamson, Theresa | |
| 245 | 0 | 0 | _aMuch obliged |
| 260 | _c2011 | ||
| 490 |
_aEstates Gazette _v(1148) 3 December 2011, 82-83(2) |
||
| 520 | _aHighlights differences between guarantees and indemnities with reference to case law. | ||
| 590 | _aKA | ||
| 650 | 2 | 4 | _aACTIONSTRENGTH LTD (T/A VITAL RESOURCES) V INTERNATIONAL GLASS ENGINEERING |
| 650 | 2 | 4 | _aHOWARD DE WALDEN ESTATES V PASTAL PLACE LTD |
| 650 | 2 | 4 | _aBEARDSLEY THEOBALDS RETIREMENT BENEFIT SCHEME TRUSTEES V YARDLEY |
| 650 | 2 | 4 | _aHINDCASTLE LTD V BARBARA ATTENBOROUGH ASSOCIATES LTD |
| 651 | 4 | _aUNITED KINGDOM | |
| 690 | _aPROPERTY-LANDLORD AND TENANT | ||
| 700 | 1 | _aStirling, Katie | |
| 942 | _n0 | ||
| 999 |
_c83628 _d83628 |
||